[Event "Match 70__120'/40"]
[Site "Zürich"]
[Date "2022.??.??"]
[Round "12"]
[White "CXG Sphinx Legend"]
[Black "CXG Sphinx 40 most agg"]
[Result "1-0"]
[WhiteElo "1816"]
[BlackElo "1780"]
[Annotator "Utzinger,K"]
[PlyCount "106"]
[EventDate "2022.??.??"]

{[%evp 0,106,33,23,33,20,27,-14,4,-15,6,20,24,25,28,7,16,16,17,18,21,19,29,27,
37,22,51,29,42,32,42,19,27,9,21,16,24,28,35,16,16,22,30,28,79,72,77,77,60,104,
128,123,172,180,181,90,181,211,214,224,225,225,244,255,239,267,301,213,224,229,
228,230,230,223,269,257,276,266,266,281,295,291,551,586,595,620,620,636,647,
620,792,666,668,682,678,700,694,694,732,753,1708,1694,2083,29972,29975,29976,
29981,29984,29985]} 1. d4 d5 {Match 120'/40 | Bediener: Rolf Bühler | 12.
Partie: Weiss (Sphinx Legend) gewinnt | Zwischenstand: 6,5-5,5 (54,2%) für
die Sphinx 40 | Im abgelehnten Damengambit kommt es zur weniger populären
Wiener-Variante mit 4...Lb4+. Was dann folgt, ist eine instruktive Partie mit
stetigen kleinen Ungenauigkeiten, vor allem seitens der Sphinx 40, und eine
gute Leistung der Sphinx Legend, der es mit unscheinbaren Mitteln gelingt, den
positionellen Vorteil zu nutzen und ein leicht gewonnenes Turmendspiel zu
erreichen.} 2. Nf3 Nf6 3. c4 e6 {***ENDE BUCH***} 4. Bg5 {***ENDE BUCH***} Bb4+
$6 5. Bd2 {fragwürdig} (5. Nc3 dxc4 6. e4 c5 7. e5 cxd4 8. Nxd4 Bxc3+ 9. bxc3
Qa5 10. exf6 Qxg5 11. fxg7 Qxg7 12. Qd2 Bd7 13. Bxc4 O-O 14. O-O Nc6 15. Nf3
Rad8 16. Qe3 Ne7 17. Ne5 Nf5 18. Qf4 Bc6 19. Nxc6 bxc6 20. Rad1 Rxd1 21. Rxd1
Qxc3 22. Bd3 Ng7 23. Qh4 f5 24. Qe7 a5 25. g3 Rf7 26. Qd8+ Rf8 27. Qe7 Rf7 28.
Qd6 h5 29. Rb1 Kh7 30. h4 c5 31. Rb8 c4 32. Bb1 Qc1+ 33. Kg2 c3 34. Qc6 Qe1 35.
Rb3 a4 36. Qxc3 Qd1 37. Qd3 Qxd3 38. Rxd3 Rb7 39. Bc2 Rb2 40. Bxa4 Rxa2 41. Bb3
Ra6 42. Rd7 Kg6 43. Bc4 Rb6 44. Ra7 Kf6 45. Be2 Rb2 46. Bf3 Rb6 47. Be2 Rb4 48.
Bf3 f4 49. Ra5 fxg3 50. fxg3 Rb2+ 51. Kh3 Rb3 52. Be4 Re3 53. Bh7 Re5 {1/2-1/2
(53) Dreev,A (2623)-Sarana,A (2666) Kazan 2022}) (5. Nbd2 dxc4 6. Qa4+ Nc6 7.
e3 Qd5 8. Bxf6 gxf6 9. a3 b5 10. Qc2 Be7 11. b3 cxb3 12. Nxb3 f5 13. Bd3 Bb7
14. e4 fxe4 15. Bxe4 Nxd4 16. Nbxd4 Qxe4+ 17. Qxe4 Bxe4 18. Nxb5 O-O 19. O-O
Bd3 20. Nxc7 Rac8 21. Rfc1 Bf6 22. Ra2 Rfd8 23. h4 Bf5 24. Rc4 Rd1+ 25. Kh2 Be7
26. g4 Bd3 27. Rc6 Be4 28. Nd5 Bd6+ 29. Rxd6 Bxd5 30. Ne5 Rh1+ 31. Kg3 Bxa2 32.
Nd7 Kg7 33. g5 Rc3+ 34. f3 Bd5 35. Ne5 Re3 36. Kf4 Rxe5 37. Kxe5 Rxh4 38. f4
Rh3 39. f5 Re3+ 40. Kd4 Rxa3 41. Rd8 Rf3 42. f6+ Kg6 43. Ke5 Rf5+ 44. Kd6 Kxg5
45. Ke7 Rxf6 {0-1 (45) Dubov,D (2699)-Bu,X (2705) chess24.com INT 2020}) 5...
Nc6 $6 {Keine gute "Erfindung". Nachdem Weiss seinen Läufer zurückgezogen
hat, sollte Schwarz mit ...Le7 reagieren und damit zeigen, dass Weiss einen
schlecht platzierten Läufer auf d2 besitzt.} 6. e3 $6 {Mehr verspricht} (6.
Bxb4 Nxb4 7. a3 Nc6 (7... Na6 8. e3) 8. e3 {mit einem stabilen Vorteil für
Weiss.}) 6... O-O {Verpasst es erneut, den Läufer nach e7 oder d6 auf einen
besseren Platz zu bringen.} 7. cxd5 $6 {Jetzt hebt Weiss die Spannung im
Zentrum auf und lässt den bislang eingesperrten Lc8 ins Freie, keine gute
Strategie.} exd5 8. Bxb4 Nxb4 9. Qb3 a5 10. a3 Nc6 11. Nc3 Re8 (11... Ne7 {
ist eine geschicktere Wahl, um ...c6 folgen zu lassen nach dem Motto: Bauer
deckt Bauer.}) 12. Be2 Qd7 $6 {Ein gekünsteltes Manöver, dessen Sinn
unverständlich bleibt. Dass die "Unergründliche" die Dame auf d7 setzt und
seinen Lc8 verstellt, ist mir auch schon in Partien von Egbert aufgefallen.}
13. O-O Qd6 {Hat Schwarz bemerkt, dass seine Dame auf d7 nichts verloren hat?}
14. Nb5 Qe7 15. Qd3 $6 {Aber auch Weiss ist der "Dame-Herumirr-Politik"
verfallen. Dabei drängt sich doch Tac1 oder Tfc1 geradezu auf mit weissem
Vorteil.} Ne4 $6 {Erneut wäre Schwarz besser gefahren, mit z.B. ...Sd8 und
der Idee ...c6 folgen zu lassen, bevor Weiss auf der c-Linie einen Turm
aufstellt, wonach der Wegzug des Sc6 wegen dem Doppelangriff auf c7 nicht mehr
möglich sein wird.} 16. Nc3 {Weniger überzeugend als Tac1+/-} Qd6 17. Nd2
Nxd2 18. Qxd2 Bf5 {Sieht momentan gut aus, aber vernünftiger geschah auch
hier ...Se7, um ...c6 folgen zu lassen.} 19. Nb5 Qd7 20. Rac1 {Jetzt hat Weiss
wieder den lästigen Druck gegen c7, was den Sc6 unbeweglich macht. Die
Situation ist aber insofern günstiger als in früher gezeigten Stellungen,
weil die Entwicklung des weissfeldrigen schwarzen Läufers erfolgt ist.} Be4 $6
{Der Not gehorchend hätte Schwarz besser mit 20...Tec8 agiert, wiederum mit
der bekannten Idee, ...Se7 nebst ...c6 folgen zu lassen.} 21. Nc3 $6 {Verpasst
das starke 21.Tc5 mit spürbarem Vorteil.} Qd6 $6 {Lädt Weiss wiederum zu Sb5
Dd7, Tc5! ein.} 22. Nxe4 {Keine schlechte Alternative zu Sb5.} Rxe4 (22... dxe4
23. Bb5 $16 {wäre mit grösserem Nachteil verbunden.}) 23. Bf3 {Nun aber
erhält Schwarz unangenehmen Druck gegen den d5-Bauer.} Rh4 {droht Matt auf h2}
(23... Ree8 24. Rc5 Ne7 {funktioniert jetzt nicht mehr wegen Bauernverlust} 25.
Rxa5) 24. g3 Rh3 $2 {Das hat jetzt Bauernverlust mit prächtiger Stellung für
Weiss zur Folge. Mehr Widerstand hätte ...Th6 geleistet.} (24... Rh6 {denn}
25. Rc5 {kann mit} Ne5 $1 26. Be2 b6 {beantwortet werden, obwohl Weiss nach}
27. Rc3 $16 {zweifellos besser steht.}) 25. Rc5 {Nun fällt ein Bauer:
entweder d5 oder a5.} Qh6 $2 {Ein fehlerhafter Befreiungsschlag, der
gründlich in die Hosen geht, aber natürlich durch die Sphinx 40 nicht zu
erkennen war, die nur den momentanen materiellen Gleichstand im Auge hat.} 26.
Bxd5 {Etwas stärker war das Nehmen mit dem Turm.} Rxh2 27. Rfc1 Qh3 {Schwarz
hat null Drohungen.} 28. Qc3 Rd8 29. Qb3 {Die Drohung Dxb7 ist äusserst
lästig.} a4 30. Qxb7 {Plötzlich hängt bei Schwarz alles in der Luft.} Rxd5 {
Noch die beste Verteidigung.} (30... Ne7 31. Qxc7 $18) 31. Qa8+ Rd8 32. Qxc6
$18 {[#] Zwar hat Weiss nur einen Bauer erobert, aber mit seinen übermächtig
aktiven Figuren schlicht eine gewonnene Stellung erreicht.} Rb8 33. Rb5 Rg2+ (
33... Rh1+ {Auch dieses Ablenkungsopfer bringt keine Rettung.} 34. Qxh1 Qxh1+
35. Kxh1 Rxb5 36. Rxc7 Kf8 37. Ra7 Rxb2 38. Rxa4 {und das Turmendspiel mit 2
Mehrbauern ist leicht gewonnen.}) 34. Qxg2 Qxg2+ 35. Kxg2 Rxb5 36. Rxc7 f6 37.
Rc4 Rxb2 38. Rxa4 h6 39. Ra8+ {Es ist unnötig, den König aus dem Käfig zu
lassen, weshalb 39.Ta7 methodisch vorzuziehen ist.} Kf7 40. a4 g6 41. a5 Ke6
42. a6 Ra2 43. a7 {Droht das bekannte Manöver Te8+ Kd7, a8D} Kf5 {Der König
versteckt sich vor dem gegnerischen Turmschach. Aber auch ein Rückzug auf die
7. Reihe hilft nicht mehr.} (43... Kd7 {wird mit dem Umgehungsmanöver} 44. Rh8
{beantwortet} Rxa7 45. Rh7+ Ke6 46. Rxa7) 44. d5 $1 {Setzt noch einen
Freibauer in Bewegung. Und da der König sich nicht dem Bauer annähern darf,
ist der schwarze Turm völlig überfordert, um einen der beiden weissen Bauern
aufzuhalten.} h5 45. d6 Ke6 46. Re8+ Kxd6 47. a8=Q Rxa8 48. Rxa8 {Der Rest ist
Schweigen.} Ke5 49. Re8+ Kf5 50. e4+ Kg5 51. Re6 h4 52. gxh4+ Kxh4 53. Rxf6 Kh5
{***AUFGEGEBEN***} 1-0

[Event "Match 70__120'/40"]
[Site "Zürich"]
[Date "2022.??.??"]
[Round "13"]
[White "CXG Sphinx 40 most agg"]
[Black "CXG Sphinx Legend"]
[Result "0-1"]
[WhiteElo "1780"]
[BlackElo "1816"]
[Annotator "Utzinger,K"]
[PlyCount "101"]
[EventDate "2022.??.??"]

{[%evp 0,101,19,31,14,-14,0,-12,2,-10,8,21,22,-7,-18,-14,-18,-19,-11,-20,-19,
-19,-24,-25,-22,-24,-25,-35,-20,-23,-16,-58,-29,-28,-24,-23,0,-20,-20,-9,-4,
-44,-9,-62,-16,-16,-33,-32,-15,-106,-75,-81,-52,-46,-43,-50,-49,-69,-71,-121,
-121,-129,-136,-158,-153,-162,-153,-194,-201,-202,-206,-206,-206,-206,-214,
-347,-338,-361,-294,-328,-328,-533,-633,-636,-665,-676,-686,-686,-694,-759,
-772,-819,-847,-1054,-1054,-1054,-1054,-1086,-1117,-1451,-1679,-29991,-29992,
-29993]} 1. d4 Nf6 {Match 120'/40 | Bediener: Rolf Bühler | 13. Partie:
Schwarz (Sphinx Legend) gewinnt | Zwischenstand: 6,5-6,5 (je 50%)
unentschieden | Weiss behandelt das Klassische Damengambit nach 4.Lg5 c6 fade
und so kann der Gegner die Eröffnung problemlos ausgeglichen gestalten. Durch
einen strategischen Fehler im Mittelspiel lässt die Sphinx 40 zu, dass
Schwarz mit 20...c4 eine schon weit vorgerückte Bauernmehrheit am
Damenflügel etablieren kann. Von da übernimmt die Sphinx Legend das Zepter
und einmal mehr wird das Programm von Mark Taylor positionell völlig
überspielt. Damit hat die Sphinx Legend das Match wieder ausgeglichen.
Weshalb der ChessBase Eröffnungsschlüssel diese Partie zwar richtig unter
ECO D50 einreiht, aber mit "Queen's Gambit Declined: Dutch-Peruvian Gambit"
bezeichnet ist völlig schleierhaft und falsch. In der Notation ist die
korrekte Zugfolge dieses Gambits angegeben.} 2. c4 e6 3. Nc3 d5 4. Bg5 {
***ENDE BUCH***} c6 {***ENDE BUCH***} (4... c5 5. cxd5 Qb6 $5 {wäre das
"Dutch-Peruvian Gambit", auch bekannt als "Canal (Venice) Variation".}) 5. Bxf6
$6 {Durch diesen Tausch verzichtet Weiss auf jeglichen Eröffnungsvorteil.
Übliche Züge sind:} (5. cxd5 exd5 6. e3 Bd6 7. Bd3 O-O 8. Nf3 Re8 9. O-O Bg4
{1/2-1/2 (40) So,W (2778)-Shankland,S (2704) Berlin 2022}) (5. e3 Nbd7 6. cxd5
exd5 7. Bd3 Be7 8. Qc2 Nf8 9. O-O-O Ne6 10. Bxf6 Bxf6 {1/2-1/2 (55) Eljanov,P 
(2706)-Lu,S (2640) China 2018}) (5. Nf3 Be7 6. e3 Nbd7 7. Qc2 h6 8. Bf4 Nh5 9.
Be5 Nhf6 {0-1 (40) Ding,L (2799)-Carlsen,M (2864) chess24.com INT 2022}) 5...
Qxf6 6. cxd5 exd5 7. e3 Bd6 8. Nf3 Bf5 9. Be2 O-O 10. Bd3 Bg4 11. O-O Nd7 $11 {
Die Eröffnungsphase ist abgeschlossen. Die Stellung befindet sich im
Gleichgewicht.} 12. Be2 Bf5 13. Re1 Rfe8 14. Rc1 a5 {Nicht unbedingt schon
notwendig, denn Weiss hat bis jetzt noch keine Anstalten gemacht, den
Minoritätsangriff am Damenflügel mit a3 und b4 in die Wege zu leiten.} 15.
Qa4 $6 {Hier hat die Dame wirklich nichts verloren.} b5 {Objektiv gesehen
nicht am besten, aber Schwarz ergreift sofort die Initiative.} 16. Qd1 Rac8 17.
Bd3 b4 18. Ne2 Bg4 19. Ng3 c5 {Konsequent führt Schwarz seine Aktion am
Damenflügel weiter ... und prompt reagiert der Gegner vollkommen falsch.[#]}
20. Qa4 $2 {Der Wendepunkt dieser Partie, weil Weiss ...c4 zulässt, statt das
absolut notwendige 20.dxc5 zu spielen.} c4 $1 {Danach ist die weisse Partie
strategisch kaputt: Schwarz hat Raumvorteil, das Läuferpaar und die fast
tödliche Bauernmehrheit am Damenflügel.} 21. Be2 Bxg3 $2 {Gibt freiwillig
das starke Läuferpaar auf. Bei Stockfish 15 taucht dieser Tausch unter den
vier Bestzügen nicht auf. Die Bewertung ändert sich von "Black has a
decisive advantage" zu "Black is clearly better", während der zurückhaltende
ShashChess 21.1 von "Black is better" zu "Black is slightly better" ändert.}
22. hxg3 Ra8 $2 {Ein schlechter Plan. Der Turm sollte auf c8 bleiben, um den
Vorstoss ...c3 zu unterstützen. Deshalb macht 22...Dd8 oder 22...Da6 Sinn,
damit die Dame zur Mobilisierung seiner Bauernmehrheit eilen kann.} 23. Qb5 Qd6
24. Ng5 $2 {Weiss verpasst es, mit 24.Se5 seine Sorgen los zu werden.} (24. Ne5
$1 Nxe5 (24... Be6 25. e4 $1 Qb6 26. Qa4 Nxe5 27. dxe5 Rec8 28. exd5 Bxd5 29.
Bf3 Bxf3 30. gxf3 Qc6 31. Qxc6 Rxc6 $11) 25. dxe5 Qd7 26. Qxd7 Bxd7 27. f4 $11)
24... Bxe2 25. Rxe2 Rab8 {Stellt die böse Falle 26.Dxa5?? Ta8 und die weisse
Dame ist futsch.} 26. Qa4 h6 {Bringt insofern nichts ein, als der weisse
Springer so oder so wieder zurück müsste, um eine sinnvolle Aufgabe zu
übernehmen.} (26... Nf6 27. Nf3 Ra8 28. Nd2 (28. Ne5 Ne4) 28... h5 $17 {
und Schwarz ist deutlich im Vorteil}) 27. Nf3 Ra8 28. Qc2 $6 {Freiwillig
hätte Weiss das Feld a4 nicht verlassen sollen.} a4 {Sofort nutzt die Sphinx
Legend das frei gewordene Feld.} 29. Qf5 $2 {Ein ungebührlicher Ausfall der
weissen Dame, obwohl es zuhause, am Damenflügel, brennt.} a3 $1 {Nun gibt es
entweder einen schwachen Bauern auf a2 oder einen unerwünschten Freibauer auf
a3.} 30. bxa3 (30. b3 cxb3 31. axb3 g6 32. Qd3 Rec8 $19 {und langsam geht es
für Weiss dem Ende entgegen.}) 30... Rxa3 31. Rb2 Rea8 32. Qb1 R8a4 $19 {
Schwarz hat alle Trümpfe in der Hand.} 33. Nh4 c3 {Die Sphinx Legend kennt
kein Erbarmen.} 34. Nf5 Qf8 35. Re2 g6 $1 {Der Springer muss weg, damit die
schwarze Dame wieder ins Spiel kommt und Manöver wie Sf5-e7xd5 nicht mehr zu
fürchten sind.} 36. Nh4 Qd6 37. Nf3 Qa6 $1 {Jetzt wird es ernst. Der a2-Bauer
fällt, denn 28.Tcc2 b3! verliert sofort, weil es nach 29.axb3 Ta1 der weissen
Dame an den Kragen geht.} 38. Rec2 Qa5 {Der a2-Bauer rennt nicht weg, aber es
werden Varianten vermieden, wo Weiss den b4-Bauer kassieren kann.} 39. g4 Rxa2
{Das Ende naht.} 40. g5 Ra1 41. Qb3 R4a3 42. Rxa1 Rxa1+ 43. Kh2 Ra3 44. Qb1 b3
45. Rc1 b2 46. Rg1 Ra1 47. Qc2 Qa2 48. Qxc3 Rxg1 49. Nd2 b1=Q {Die Sphinx
Legend hat Mattangriff und schliesst damit eine recht gut gespielte Partie
erfolgreich ab.} 50. Nxb1 Qxf2 51. Qc8+ {***AUFGEGEBEN***} 0-1

[Event "Match 70__120'/40"]
[Site "Zürich"]
[Date "2022.??.??"]
[Round "14"]
[White "CXG Sphinx Legend"]
[Black "CXG Sphinx 40 most agg"]
[Result "1-0"]
[WhiteElo "1816"]
[BlackElo "1780"]
[Annotator "Utzinger,K"]
[PlyCount "86"]
[EventDate "2022.??.??"]

{[%evp 0,86,23,26,18,-16,26,20,29,29,29,16,10,27,21,20,36,24,31,34,63,53,47,34,
58,38,43,29,27,6,11,4,62,35,49,49,52,45,42,19,31,11,31,38,58,29,49,24,30,16,11,
19,23,4,10,4,10,12,36,-11,-25,-5,-6,-20,-13,-20,17,24,166,27,34,194,208,182,
191,336,423,416,733,949,949,941,1002,1030,1315,29988,29989,29990,29991]} 1. Nf3
d5 {Match 120'/40 | Bediener: Rolf Bühler | 14. Partie: Weiss (Sphinx Legend)
gewinnt | Zwischenstand: 7,5-6,5 (je 53,5%) für die Sphinx Legend | In der
Slawischen Abtauschvariante ohne Lf5 entwickelt sich eine ausgesprochen ruhige
Partie, die ein gerechtes Remis verdient hätte. In der Schlussphase ab dem 32.
Zug strauchelt indessen die "Unergründliche" doch noch und muss sich dem
guten Spiel der Sphinx Legend geschlagen geben, die mit diesem Sieg die
Führung im Match übernimmt.} 2. c4 c6 {***ENDE BUCH*** In der 8. Partie hat
die Sphinx 40 mit 2...d4 auf die Hörner bekommen.} 3. cxd5 cxd5 4. d4 {
***ENDE BUCH***} e6 5. Nc3 Nf6 {Über einen Umweg ist die Slawische
Abtauschvariante entstanden.} 6. Bg5 (6. Bf4 {ist eine andere wichtige Variante
}) 6... Bb4 {Solidere Züge sind 6...Le7 und 6...Sc6.} 7. Bxf6 Bxc3+ {
Aufgefallen ist mir, dass beide Programme gerne die Läufer für Springer
tauschen, eine Strategie, die nicht immer gut ist.} 8. bxc3 Qxf6 9. e3 Qe7 10.
Bd3 O-O 11. O-O Nc6 12. c4 {Hier war 12.e4 der bessere Plan.} Nb4 ({Gegen} 
12... dxc4 13. Bxc4 b6 14. Qa4 Bb7 15. Rfc1 Rfc8 $11 {mit Ausgleich sprach
nichts.}) 13. cxd5 exd5 {Befreit wohl den Lc8, aber lässt sich auf d5 einen
schwachen Bauern anhängen. Deshalb sieht 13...Sxd5 logischer aus.} 14. a3 {
Erneut bevorzugt die Sphinx Legend den Springer und gibt den schönen Läufer.
Das hätte ein starker Spieler kaum getan.} Nxd3 15. Qxd3 Qf6 $6 {Ein
planloser Damenzug, denn auf e7 war sie gut platziert. Einfach 15...Le6
bewahrt das Gleichgewicht, das nun gestört wird.} 16. Qb3 $6 {Nach b5 wäre
kräftiger.} Qd6 {Weil ...Le6 wegen Dxb7 nicht geht, muss die Dame schon
wieder ziehen.} 17. Rfc1 Rd8 $6 {Eine erneute Ungenauigkeit anstelle von ...b6.
} 18. a4 $14 {Jetzt steht Weiss etwas besser, wobei es gar nicht einfach sein
wird, spürbare Fortschritte zu machen.} Rb8 19. Ne5 Bf5 20. Rc3 Be6 21. Rac1
Bf5 {Die schwarzen Manöver mit dem Läufer wirken recht planlos.} 22. Qb5 f6
23. Nf3 {Mehr versprach Sd3.} Bd7 24. Qa5 a6 25. h3 Rbc8 26. Kh1 {Der typische
"Ich weiss nicht was tun Zug" vom Zentrum weg, weshalb dann oftmals im
Endspiel die entscheidenden Tempi fehlen, um rechtzeitig ins Zentrum zu kommen.
} Re8 27. R1c2 Rxc3 28. Rxc3 b5 {Bringt wieder eine gewisse und unnötige
Unruhe ins Spiel.} 29. Rc5 $6 {Auch nicht am besten.} (29. axb5 Bxb5 $1 30. Nd2
{mit der Absicht, Sb3-c5 folgen zu lassen, gibt Weiss leichten Vorteil.}) 29...
bxa4 30. Rxd5 Qe6 31. Rc5 Rb8 32. Qc7 Rb1+ 33. Kh2 Rb2 $2 {Und am Ende gibt es
doch noch einen wirklichen Fehler, der zum Verlust führen sollte.} (33... Rb5
$1 34. Rc4 (34. d5 Rxc5 35. Qxc5 Qe8 $13) 34... Rb2 35. d5 Qe8 $11 {und alles
bliebe im Lot}) 34. d5 $2 {[#]} (34. Ng5 $3 fxg5 (34... Qe8 35. Rd5 Qb8 36.
Rxd7 Qxc7+ 37. Rxc7 fxg5 38. Kg3 Rb5 39. Rc3 Kf7 40. Ra3 Rb4 41. Kg4 $18) 35.
Re5 Qf6 36. Qxd7 Rb8 37. Rf5 Qg6 38. Qd5+ Kh8 39. Rxg5 Qc2 40. Qf7 Rg8 41. Ra5
Qb3 42. Qe7 {und auch wenn sich die Engines zwischen +- 5.80 und +- 8.30
positiv sehen, wären unsere Oldies wohl nicht in der Lage, die Entscheidung
zu erzwingen.}) 34... Qe7 $2 {Der letzte Fehler, während Schwarz nach 34...
De8 nichts Konkretes zu befürchten hätte.} 35. Rc6 {Der entscheidende
Tempogewinn.} Kf8 36. Rxa6 Rxf2 37. Ra8+ Be8 (37... Kf7 38. Ra7 Ke8 39. Kg3 Rf1
40. d6 Rc1 41. Qxc1 Qxd6+ 42. Kf2 Qb8 43. Qc7 Qxc7 44. Rxc7 $18) 38. d6 {
Die Drohung d6-d7 macht dem Ganzen nun ein schnelles Ende.} Qe4 (38... Qxc7 39.
dxc7 Rc2 40. c8=Q Rxc8 41. Rxc8 $18) 39. Rxe8+ {Mit 39.Ta7 wäre es Matt in 13
geworden. Aber auch der Textzug gewinnt einfach.} Qxe8 40. d7 Qxd7 41. Qxd7 Re2
42. Nd4 Rxe3 43. Nf5 g6 {***AUFGEGEBEN***} 1-0